[Event "Nova Gorica op 28th"]
[Site "Nova Gorica"]
[Date "2024.01.28"]
[Round "4"]
[White "Debevec, Blaz"]
[Black "Gricnik, Tine"]
[Result "1-0"]
[WhiteElo "2077"]
[BlackElo "1758"]
[PlyCount "51"]
[EventDate "2024.01.26"]
[EventType "swiss"]
[EventRounds "9"]
[EventCountry "SLO"]
[SourceTitle "CB06_2024"]
[SourceDate "2024.02.07"]
[SourceVersion "1"]
[SourceVersionDate "2024.02.07"]
[SourceQuality "1"]

1. e4 e6 2. d4 d5 3. Nc3 Nf6 4. Bg5 Be7 5. e5 Nfd7 6. h4 Bxg5 7. hxg5 Qxg5 8. Nh3 Qe7 9. Qg4 f6 10. f4 fxe5 11. fxe5 h5 12. Qg3 h4 13. Qg4 Rg8 14. Ng5 Nf8 15. Bd3 Qb4 16. 0-0-0 Bd7 17. a3 Qb6 18. Nh7 Nc6 19. Nxf8 Rxf8 20. Bg6+ Kd8 21. Rhf1 Rh8 22. Rf7 Kc8 23. Nxd5 Qb5 24. Nc3 Qc4 25. Qf4 b6 26. Bd3 1-0

[Event "Paracin op 16th"]
[Site "Paracin"]
[Date "2023.07.08"]
[Round "2"]
[White "Debevec, Blaz"]
[Black "Damjanovic, Vuk"]
[Result "1/2-1/2"]
[WhiteElo "2077"]
[BlackElo "2376"]
[PlyCount "131"]
[EventDate "2023.07.07"]
[EventType "swiss"]
[EventRounds "9"]
[EventCountry "SRB"]
[SourceTitle "EXT 2024"]
[Source "ChessBase"]
[SourceDate "2023.10.10"]
[SourceVersion "1"]
[SourceVersionDate "2023.10.10"]
[SourceQuality "1"]

1. Nf3 Nf6 2. c4 c5 3. Nc3 Nc6 4. g3 g6 5. Bg2 Bg7 6. 0-0 0-0 7. d4 cxd4 8. Nxd4 Qa5 9. e3 d6 10. Nxc6 bxc6 11. Bxc6 Bg4 12. Qa4 Qxa4 13. Bxa4 Rfc8 14. Bb3 Nd7 15. f3 Bh3 16. Rf2 Bxc3 17. bxc3 Be6 18. Rb2 Ne5 19. Kg2 a5 20. f4 Nd3 21. Rd2 Nc5 22. Rd4 Bf5 23. Ba3 Ne6 24. Rd2 Be4+ 25. Kf2 Bb7 26. g4 Kf8 27. Rc1 f6 28. Rb2 Ba6 29. c5 Nxc5 30. Bxc5 Rxc5 31. Be6 Bc8 32. Bxc8 Raxc8 33. Rb3 Kf7 34. Ke2 h5 35. h3 hxg4 36. hxg4 Rh8 37. Kd3 Rh4 38. a4 Rxg4 39. Rb5 e5 40. Rxc5 dxc5 41. fxe5 c4+ 42. Ke2 fxe5 43. Kf3 Rh4 44. Rb1 Ke6 45. Kg3 g5 46. Rb5 Kf5 47. Rxa5 Re4 48. Kf2 g4 49. Ra8 g3+ 50. Kf3 g2 51. Rf8+ Ke6 52. Rg8 Rh4 53. Rxg2 Rh1 54. Ra2 Rh3+ 55. Kg4 Rxe3 56. a5 Rd3 57. a6 Rd8 58. a7 Ra8 59. Ra6+ Kd5 60. Kf3 Kc5 61. Ke4 Kb5 62. Ra1 Kb6 63. Rb1+ Ka6 64. Kxe5 Rxa7 65. Kd4 Rb7 66. Rg1 1/2-1/2

[Event "Paracin op 16th"]
[Site "Paracin"]
[Date "2023.07.07"]
[Round "1"]
[White "Efremov, Vladislav"]
[Black "Debevec, Blaz"]
[Result "1/2-1/2"]
[WhiteElo "2356"]
[BlackElo "2077"]
[PlyCount "78"]
[EventDate "2023.07.07"]
[EventType "swiss"]
[EventRounds "9"]
[EventCountry "SRB"]
[SourceTitle "EXT 2024"]
[Source "ChessBase"]
[SourceDate "2023.10.10"]
[SourceVersion "1"]
[SourceVersionDate "2023.10.10"]
[SourceQuality "1"]

1. d4 d5 2. c4 c6 3. Nf3 Nf6 4. e3 Bf5 5. Nc3 a6 6. Ne5 Nbd7 7. Qb3 Ra7 8. cxd5 Nxe5 9. dxe5 Nxd5 10. e4 Nxc3 11. exf5 Nd5 12. Bc4 e6 13. fxe6 fxe6 14. 0-0 Bc5 15. Be3 Nxe3 16. fxe3 Qg5 17. Rf3 Rf8 18. Raf1 Rxf3 19. Rxf3 Qxe5 20. Bxe6 b5 21. Bf5 Kd8 22. Qd3+ Kc7 23. Bxh7 Kb6 24. a4 Re7 25. axb5 axb5 26. b3 Bxe3+ 27. Kh1 Bd4 28. Rf1 Qe3 29. Qxe3 Rxe3 30. Bg8 Kc5 31. h3 Kb4 32. Rf3 Rxf3 33. gxf3 g5 34. Kg2 Be5 35. h4 gxh4 36. Bf7 Kc3 37. Be8 Kxb3 38. Bxc6 Kc4 39. Bxb5+ Kxb5 1/2-1/2

[Event "Nova Gorica op 27th"]
[Site "Nova Gorica"]
[Date "2023.03.22"]
[Round "8"]
[White "Debevec, Blaz"]
[Black "Vidmar, Klara"]
[Result "1-0"]
[WhiteElo "2070"]
[BlackElo "1812"]
[PlyCount "87"]
[EventDate "2023.03.16"]
[EventType "swiss"]
[EventRounds "9"]
[EventCountry "SLO"]
[SourceTitle "CBM 213 Extra"]
[Source "ChessBase"]
[SourceDate "2023.05.31"]
[SourceVersion "1"]
[SourceVersionDate "2023.05.31"]
[SourceQuality "1"]

1. e4 c5 2. Nf3 Nc6 3. Bb5 g6 4. Bxc6 dxc6 5. h3 Bg7 6. d3 Nf6 7. Nbd2 0-0 8. a4 h6 9. Qe2 Qc7 10. Nc4 Be6 11. 0-0 Bxc4 12. dxc4 e5 13. Rd1 Rfd8 14. Bd2 Nd7 15. Bc3 Nf8 16. Bd2 Ne6 17. c3 Nf4 18. Bxf4 exf4 19. Qc2 Re8 20. Rd2 Rad8 21. Rad1 Rxd2 22. Rxd2 Rd8 23. Kf1 Qe7 24. Rxd8+ Qxd8 25. Qd2 Qa5 26. Qc2 b5 27. axb5 cxb5 28. cxb5 Qxb5+ 29. Ke1 Qa6 30. Nd2 Qa1+ 31. Qb1 Qa6 32. Qc2 Qa1+ 33. Ke2 Qa6+ 34. Qd3 Qa1 35. Nc4 Qa2 36. Kf3 g5 37. Qd8+ Bf8 38. Qd5 Qa6 39. Ne5 Qe6 40. Qxe6 fxe6 41. c4 Bd6 42. Nd3 e5 43. Kg4 Kg7 44. Kf5 1-0

[Event "Nova Gorica op 27th"]
[Site "Nova Gorica"]
[Date "2023.03.21"]
[Round "7"]
[White "Bifulco, Michel"]
[Black "Debevec, Blaz"]
[Result "1-0"]
[WhiteElo "2312"]
[BlackElo "2070"]
[PlyCount "56"]
[EventDate "2023.03.16"]
[EventType "swiss"]
[EventRounds "9"]
[EventCountry "SLO"]
[SourceTitle "CBM 213 Extra"]
[Source "ChessBase"]
[SourceDate "2023.05.31"]
[SourceVersion "1"]
[SourceVersionDate "2023.05.31"]
[SourceQuality "1"]

1. e4 c5 2. Nf3 Nc6 3. Bb5 e6 4. 0-0 Nge7 5. d4 cxd4 6. Nxd4 Nxd4 7. Qxd4 a6 8. Be2 b5 9. a4 Nc6 10. Qe3 b4 11. Nd2 Qc7 12. Nc4 Rb8 13. e5 Be7 14. Qg3 Nd4 15. Bd3 Kf8 16. Bg5 Bc5 17. Nd6 h6 18. Be7+ Kxe7 19. Qxg7 Bxd6 20. Qf6+ Ke8 21. exd6 Qxd6 22. Qxh8+ Ke7 23. Qxh6 Bb7 24. Qg5+ f6 25. Qg7+ Kd8 26. c3 Nb3 27. Rad1 Qf4 28. Bb5 Ke8 1-0

[Event "SLO-chT Central 23rd"]
[Site "Slovenia"]
[Date "2022.11.10"]
[Round "8.1"]
[White "Mlacnik, Janez"]
[Black "Debevec, Blaz"]
[Result "1-0"]
[WhiteElo "1803"]
[BlackElo "2056"]
[PlyCount "73"]
[EventDate "2022.09.15"]
[EventType "team-swiss"]
[EventRounds "9"]
[EventCountry "SLO"]
[SourceTitle "EXT 2024"]
[Source "ChessBase"]
[SourceDate "2023.10.10"]
[SourceVersion "1"]
[SourceVersionDate "2023.10.10"]
[SourceQuality "1"]
[WhiteTeam "Ljubljana Karel Jeraj"]
[BlackTeam "Domzale SD"]
[WhiteTeamCountry "SLO"]
[BlackTeamCountry "SLO"]

1. d4 Nf6 2. c4 g6 3. Nc3 Bg7 4. e4 0-0 5. Nge2 d6 6. Ng3 c5 7. d5 e6 8. Bd3 exd5 9. cxd5 Na6 10. 0-0 Nc7 11. h3 a6 12. a4 Bd7 13. Bg5 h6 14. Be3 Re8 15. Qd2 Kh7 16. Bf4 Bf8 17. Rfe1 b5 18. axb5 Nxb5 19. Nxb5 Bxb5 20. Rad1 Nd7 21. Bc2 Qf6 22. Qc1 Rab8 23. Bd2 Qh4 24. Bc3 Ne5 25. Qe3 Bg7 26. f4 Nc4 27. Qf2 Bxc3 28. bxc3 Na3 29. Bd3 Bxd3 30. Rxd3 Nc4 31. Re2 f6 32. Qf3 Rb2 33. Rxb2 Nxb2 34. Rd2 Nc4 35. Rf2 Re7 36. Kh2 Nb6 37. Nf1 1-0

[Event "SLO-chT Central 23rd"]
[Site "Slovenia"]
[Date "2022.11.03"]
[Round "7.1"]
[White "Debevec, Blaz"]
[Black "Justin, Matjaz"]
[Result "1/2-1/2"]
[WhiteElo "2056"]
[BlackElo "2250"]
[PlyCount "41"]
[EventDate "2022.09.15"]
[EventType "team-swiss"]
[EventRounds "9"]
[EventCountry "SLO"]
[SourceTitle "EXT 2024"]
[Source "ChessBase"]
[SourceDate "2023.10.10"]
[SourceVersion "1"]
[SourceVersionDate "2023.10.10"]
[SourceQuality "1"]
[WhiteTeam "Domzale SD"]
[BlackTeam "Vrhnika"]
[WhiteTeamCountry "SLO"]
[BlackTeamCountry "SLO"]

1. d4 Nf6 2. c4 e6 3. Nc3 Bb4 4. Qc2 0-0 5. a3 Bxc3+ 6. Qxc3 b6 7. Bg5 Ba6 8. f3 d5 9. Rc1 Bxc4 10. b3 Ba6 11. Qxc7 Qxc7 12. Rxc7 Nbd7 13. Nh3 Rfc8 14. Rxc8+ Rxc8 15. Kd2 Kf8 16. e3 Bxf1 17. Rxf1 h6 18. Bxf6 Nxf6 19. Nf4 Ke7 20. Nd3 Kd7 21. a4 1/2-1/2

[Event "Nova Gorica op-A 26th"]
[Site "Nova Gorica"]
[Date "2022.09.22"]
[Round "9"]
[White "Thuesen, Mogens Henrik"]
[Black "Debevec, Blaz"]
[Result "1-0"]
[WhiteElo "2242"]
[BlackElo "2056"]
[PlyCount "77"]
[EventDate "2022.09.16"]
[EventType "swiss"]
[EventRounds "9"]
[EventCountry "SLO"]
[SourceTitle "CBM 210 Extra"]
[Source "ChessBase"]
[SourceDate "2022.11.30"]
[SourceVersion "1"]
[SourceVersionDate "2022.11.30"]
[SourceQuality "1"]

1. e4 e5 2. Nf3 Nc6 3. Bb5 f5 4. Nc3 fxe4 5. Nxe4 Nf6 6. Qe2 d5 7. Nxf6+ gxf6 8. d4 Bg7 9. c4 0-0 10. cxd5 Nxd4 11. Nxd4 exd4 12. 0-0 Kh8 13. Qh5 f5 14. Bh6 Qxd5 15. Bxg7+ Kxg7 16. Rfe1 Be6 17. Rac1 Qd6 18. h4 c6 19. Qg5+ Kh8 20. Qh6 cxb5 21. Rxe6 Qd7 22. Rce1 Qg7 23. Qf4 Rad8 24. Re7 Rf7 25. Qc7 Rdf8 26. Qd6 Rg8 27. g3 Rgf8 28. h5 h6 29. R1e6 Rxe7 30. Rxe7 Rf7 31. Re6 Kh7 32. Rg6 Qf8 33. Qxd4 f4 34. Qe4 Kh8 35. Qe6 Kh7 36. Rxh6+ Qxh6 37. Qxf7+ Kh8 38. Qxf4 Qxh5 39. Qh4 1-0

[Event "Nova Gorica op-A 26th"]
[Site "Nova Gorica"]
[Date "2022.09.19"]
[Round "6"]
[White "Kaasen, Tor Fredrik"]
[Black "Debevec, Blaz"]
[Result "1-0"]
[WhiteElo "2442"]
[BlackElo "2056"]
[PlyCount "79"]
[EventDate "2022.09.16"]
[EventType "swiss"]
[EventRounds "9"]
[EventCountry "SLO"]
[SourceTitle "CBM 210 Extra"]
[Source "ChessBase"]
[SourceDate "2022.11.30"]
[SourceVersion "1"]
[SourceVersionDate "2022.11.30"]
[SourceQuality "1"]

1. d4 d5 2. c4 c6 3. Nf3 Nf6 4. e3 Bf5 5. Nc3 a6 6. Qb3 Ra7 7. Bd2 e6 8. Nh4 Be4 9. cxd5 exd5 10. f3 Bg6 11. 0-0-0 Nbd7 12. Nxg6 hxg6 13. e4 Qb6 14. Qxb6 Nxb6 15. e5 Ng8 16. Kb1 Be7 17. Bd3 g5 18. Ne2 Nd7 19. g3 Nf8 20. Rdf1 g6 21. f4 gxf4 22. Nxf4 g5 23. Ne2 Ne6 24. Rf3 Bd8 25. h4 b6 26. b4 a5 27. Rc1 Ne7 28. Bxg5 Nxg5 29. hxg5 axb4 30. Rcf1 Ra3 31. Nc1 Rg8 32. Rxf7 Rxg5 33. e6 Rg8 34. Bh7 Rh8 35. Nd3 Bc7 36. g4 Bd6 37. g5 Kd8 38. g6 c5 39. g7 Re8 40. Rf8 1-0

[Event "Nova Gorica op-A 26th"]
[Site "Nova Gorica"]
[Date "2022.09.17"]
[Round "2"]
[White "Debevec, Blaz"]
[Black "Stevanic, David"]
[Result "1/2-1/2"]
[WhiteElo "2056"]
[BlackElo "2261"]
[PlyCount "122"]
[EventDate "2022.09.16"]
[EventType "swiss"]
[EventRounds "9"]
[EventCountry "SLO"]
[SourceTitle "CBM 210 Extra"]
[Source "ChessBase"]
[SourceDate "2022.11.30"]
[SourceVersion "1"]
[SourceVersionDate "2022.11.30"]
[SourceQuality "1"]

1. e4 e5 2. Nf3 Nc6 3. Bc4 Bc5 4. 0-0 Nf6 5. d3 a6 6. Nc3 h6 7. Be3 Bxe3 8. fxe3 d6 9. a4 Be6 10. Bxe6 fxe6 11. Ne2 d5 12. exd5 exd5 13. Ng3 Qd7 14. e4 0-0-0 15. Qe2 dxe4 16. Nxe4 Nd4 17. Nxd4 Qxd4+ 18. Kh1 Nxe4 19. dxe4 Qxb2 20. Rad1 Rxd1 21. Rxd1 Rf8 22. Qg4+ Kb8 23. Qxg7 Rf2 24. Qxh6 Qd4 25. Qc1 Qc5 26. c3 b6 27. h3 Qc4 28. a5 Qxe4 29. Qg5 Kb7 30. axb6 Kxb6 31. Qh6+ Kb7 32. Qg7 a5 33. Qg3 Re2 34. Kh2 Re3 35. Qg4 Qxg4 36. hxg4 Rxc3 37. g5 e4 38. Rd5 Rc6 39. Rxa5 Re6 40. Kg1 e3 41. Kf1 e2+ 42. Ke1 Kb6 43. Rf5 c6 44. Rf3 Kc7 45. Rg3 Kd7 46. g6 Re8 47. Rd3+ Kc7 48. Rf3 Kd6 49. g7 Rg8 50. Rf7 Ke6 51. Rc7 Kf6 52. Rxc6+ Kxg7 53. Kxe2 Ra8 54. Kf3 Ra3+ 55. Kg4 Ra4+ 56. Kh5 Ra5+ 57. Kh4 Ra4+ 58. g4 Ra5 59. g5 Ra1 60. Rc7+ Kg6 61. Rc6+ Kg7 1/2-1/2

[Event "EU-ch 22nd"]
[Site "Terme Catez"]
[Date "2022.04.02"]
[Round "7"]
[White "Debevec, Blaz"]
[Black "Hasanzade, Toghrul Qasim Oglu"]
[Result "0-1"]
[WhiteElo "2084"]
[BlackElo "2297"]
[PlyCount "58"]
[EventDate "2022.03.27"]
[EventType "swiss"]
[EventRounds "11"]
[EventCountry "SLO"]
[SourceTitle "CBM 208"]
[Source "ChessBase"]
[SourceDate "2022.06.30"]
[SourceVersion "1"]
[SourceVersionDate "2022.06.30"]
[SourceQuality "1"]

1. e4 c5 2. Nf3 Nf6 3. Nc3 d5 4. Bb5+ Bd7 5. e5 Bxb5 6. Nxb5 Qd7 7. Na3 Ng8 8. 0-0 e6 9. d4 cxd4 10. Nxd4 Bxa3 11. bxa3 Ne7 12. Be3 Nbc6 13. f4 0-0 14. Qd3 Nxd4 15. Bxd4 Rfc8 16. Rab1 b6 17. Rf3 Qa4 18. c3 Qxa3 19. Rbf1 Nf5 20. Bf2 h5 21. Rh3 g6 22. Qf3 Rc4 23. g4 hxg4 24. Qxg4 Rxc3 25. Rh5 Rac8 26. Rxf5 exf5 27. Qg5 Rc1 28. e6 Rxf1+ 29. Kxf1 Qd3+ 0-1

[Event "EU-ch 22nd"]
[Site "Terme Catez"]
[Date "2022.04.01"]
[Round "6"]
[White "Zirkelbach, Maj"]
[Black "Debevec, Blaz"]
[Result "1/2-1/2"]
[WhiteElo "2295"]
[BlackElo "2084"]
[PlyCount "114"]
[EventDate "2022.03.27"]
[EventType "swiss"]
[EventRounds "11"]
[EventCountry "SLO"]
[SourceTitle "CBM 208"]
[Source "ChessBase"]
[SourceDate "2022.06.30"]
[SourceVersion "1"]
[SourceVersionDate "2022.06.30"]
[SourceQuality "1"]

1. d4 d5 2. c4 c6 3. Nf3 Nf6 4. e3 Bf5 5. Nc3 a6 6. Bd2 e6 7. Nh4 Bg4 8. Qc2 Nbd7 9. h3 Bh5 10. g4 Ne4 11. Nxe4 Qxh4 12. cxd5 exd5 13. Ng3 Bg6 14. Nf5 Bxf5 15. gxf5 Qe4 16. Qxe4+ dxe4 17. Bg2 Nf6 18. b4 Bd6 19. Ke2 0-0 20. a4 Rfe8 21. Rab1 g6 22. fxg6 hxg6 23. Rhc1 Nd5 24. h4 f5 25. Bh3 Kg7 26. b5 cxb5 27. axb5 a5 28. Ra1 a4 29. Bg2 a3 30. f3 Nf6 31. Rc3 exf3+ 32. Bxf3 Ne4 33. Rb3 Rec8 34. Bxe4 fxe4 35. Rc3 Rh8 36. Be1 Rh5 37. Rb3 g5 38. hxg5 Rxg5 39. Kd1 Rg1 40. Kc2 Rh8 41. Rbb1 Rh2+ 42. Kc3 Rhh1 43. Rc1 Kf7 44. Bd2 Rxc1+ 45. Rxc1 Rxc1+ 46. Bxc1 Ke6 47. Kb3 Kd5 48. Bxa3 Bg3 49. Be7 Bf2 50. Bg5 Be1 51. Bf4 Bd2 52. Kc2 Ba5 53. Kb3 Bd2 54. Bg5 Be1 55. b6 Ba5 56. Ka4 Bxb6 57. Kb5 Bxd4 1/2-1/2

[Event "SLO-chT Central 22nd"]
[Site "Slovenia"]
[Date "2021.10.22"]
[Round "6.2"]
[White "Skok, Boris"]
[Black "Debevec, Blaz"]
[Result "1-0"]
[WhiteElo "1889"]
[BlackElo "2118"]
[PlyCount "57"]
[EventDate "2021.09.16"]
[EventType "team-tourn"]
[EventRounds "7"]
[EventCountry "SLO"]
[SourceTitle "EXT 2024"]
[Source "ChessBase"]
[SourceDate "2023.10.10"]
[SourceVersion "1"]
[SourceVersionDate "2023.10.10"]
[SourceQuality "1"]
[WhiteTeam "Crni Graben"]
[BlackTeam "Komenda Popotnik"]
[WhiteTeamCountry "SLO"]
[BlackTeamCountry "SLO"]

1. d4 Nf6 2. c4 g6 3. Nc3 Bg7 4. e4 0-0 5. Nf3 d6 6. h3 c5 7. d5 e6 8. Bd3 exd5 9. cxd5 b5 10. 0-0 c4 11. Bc2 a6 12. a3 Nbd7 13. Be3 Qc7 14. Bd4 Re8 15. Re1 Rb8 16. Rc1 a5 17. b4 cxb3 18. Bxb3 Qb7 19. e5 dxe5 20. Nxe5 b4 21. axb4 axb4 22. Na4 Ra8 23. Nc6 Bf8 24. Qf3 Rxe1+ 25. Rxe1 Kg7 26. g4 g5 27. h4 h6 28. hxg5 hxg5 29. Qf5 1-0

[Event "SLO-chT Central 22nd"]
[Site "Slovenia"]
[Date "2021.10.07"]
[Round "4.3"]
[White "Debevec, Blaz"]
[Black "Vertacnik, Viktor"]
[Result "1-0"]
[WhiteElo "2118"]
[BlackElo "1607"]
[PlyCount "59"]
[EventDate "2021.09.16"]
[EventType "team-tourn"]
[EventRounds "7"]
[EventCountry "SLO"]
[SourceTitle "EXT 2024"]
[Source "ChessBase"]
[SourceDate "2023.10.10"]
[SourceVersion "1"]
[SourceVersionDate "2023.10.10"]
[SourceQuality "1"]
[WhiteTeam "Komenda Popotnik"]
[BlackTeam "Ljubljana Karel Jeraj"]
[WhiteTeamCountry "SLO"]
[BlackTeamCountry "SLO"]

1. d4 d5 2. c4 e6 3. Nf3 Nf6 4. g3 b6 5. Bg2 Bb7 6. Ne5 Nbd7 7. Nc3 Be7 8. Qa4 0-0 9. Nc6 Qe8 10. cxd5 exd5 11. 0-0 a6 12. Nxd5 Nxd5 13. Bxd5 Bd6 14. Ne7+ Qxe7 15. Bxb7 b5 16. Qc2 Ra7 17. Bf3 c5 18. Be3 Rc7 19. dxc5 Nxc5 20. Qf5 Re8 21. Rad1 Qe5 22. Qxe5 Bxe5 23. b3 Ne6 24. Rd2 Rec8 25. Rfd1 Kf8 26. Rd5 Bf6 27. Rd6 Rc2 28. Rxa6 Ng5 29. Bxg5 Bxg5 30. Ra8 1-0

[Event "SLO-chT 31st"]
[Site "Ljubljana"]
[Date "2021.09.26"]
[Round "9.3"]
[White "Debevec, Blaz"]
[Black "Skok, Boris"]
[Result "1/2-1/2"]
[WhiteElo "2118"]
[BlackElo "1889"]
[PlyCount "93"]
[EventDate "2021.09.10"]
[EventType "team-tourn"]
[EventRounds "9"]
[EventCountry "SLO"]
[SourceTitle "CBM 204 Extra"]
[Source "ChessBase"]
[SourceDate "2021.11.30"]
[SourceVersion "1"]
[SourceVersionDate "2021.11.30"]
[SourceQuality "1"]
[WhiteTeam "Komenda"]
[BlackTeam "Kranj Stari Mayr"]
[WhiteTeamCountry "SLO"]
[BlackTeamCountry "SLO"]

1. d4 d5 2. c4 c6 3. Nf3 Nf6 4. e3 Bf5 5. Nc3 e6 6. Nh4 Bg4 7. Qb3 Qb6 8. f3 Bh5 9. g4 Bg6 10. Nxg6 hxg6 11. c5 Qc7 12. g5 Nfd7 13. f4 Be7 14. Bd2 b6 15. cxb6 axb6 16. Rc1 Qa7 17. Be2 Na6 18. a3 Nab8 19. h4 Na6 20. h5 gxh5 21. Rxh5 Rxh5 22. Bxh5 g6 23. Be2 Bd6 24. Kf2 Ke7 25. Rh1 Qb8 26. Kf3 Nc7 27. Bd3 Qb7 28. Rh7 Nf8 29. Rh8 Nd7 30. Rh7 Nf8 31. Rh6 Rb8 32. Qd1 c5 33. Rh8 b5 34. Qh1 cxd4 35. exd4 b4 36. axb4 Bxb4 37. Qh6 Bd6 38. Bc1 Ke8 39. Bxg6 fxg6 40. Qxg6+ Kd7 41. Qf7+ Kc6 42. g6 Nxg6 43. Rxb8 Nh4+ 44. Kg4 Qxb8 45. Kxh4 Qh8+ 46. Qh5 Qxd4 47. Qd1 1/2-1/2

[Event "SLO-chT 31st"]
[Site "Ljubljana"]
[Date "2021.09.25"]
[Round "8.4"]
[White "Leben, Dusan"]
[Black "Debevec, Blaz"]
[Result "0-1"]
[WhiteElo "1838"]
[BlackElo "2118"]
[PlyCount "30"]
[EventDate "2021.09.10"]
[EventType "team-tourn"]
[EventRounds "9"]
[EventCountry "SLO"]
[SourceTitle "CBM 204 Extra"]
[Source "ChessBase"]
[SourceDate "2021.11.30"]
[SourceVersion "1"]
[SourceVersionDate "2021.11.30"]
[SourceQuality "1"]
[WhiteTeam "Trzin"]
[BlackTeam "Komenda"]
[WhiteTeamCountry "SLO"]
[BlackTeamCountry "SLO"]

1. e4 c5 2. Nf3 Nc6 3. d4 cxd4 4. Nxd4 Nf6 5. Nc3 e5 6. Nxc6 bxc6 7. Bg5 Rb8 8. b3 Qa5 9. Bd2 Bb4 10. Qf3 0-0 11. a3 d5 12. Nb1 Bxd2+ 13. Nxd2 Nxe4 14. b4 Rxb4 15. Qd3 Rd4 0-1

[Event "SLO-chT 31st"]
[Site "Ljubljana"]
[Date "2021.09.24"]
[Round "7.2"]
[White "Debevec, Blaz"]
[Black "Herega, Nejc"]
[Result "0-1"]
[WhiteElo "2118"]
[BlackElo "2122"]
[PlyCount "84"]
[EventDate "2021.09.10"]
[EventType "team-tourn"]
[EventRounds "9"]
[EventCountry "SLO"]
[SourceTitle "CBM 204 Extra"]
[Source "ChessBase"]
[SourceDate "2021.11.30"]
[SourceVersion "1"]
[SourceVersionDate "2021.11.30"]
[SourceQuality "1"]
[WhiteTeam "Komenda"]
[BlackTeam "Nova Gorica CC"]
[WhiteTeamCountry "SLO"]
[BlackTeamCountry "SLO"]

1. e4 c5 2. Nf3 d6 3. d4 cxd4 4. Nxd4 Nf6 5. Nc3 a6 6. Be3 e5 7. Nb3 Be6 8. f3 h5 9. Qd2 Nbd7 10. 0-0-0 Be7 11. Kb1 b5 12. Qf2 Rc8 13. h4 Rxc3 14. bxc3 Qc7 15. Qd2 d5 16. Bd3 0-0 17. g4 dxe4 18. Bxe4 Nxe4 19. fxe4 Bxg4 20. Rdf1 Nf6 21. Rxf6 Bxf6 22. Bg5 Bxg5 23. hxg5 a5 24. Nc1 Rc8 25. Kb2 Qc4 26. Qd3 a4 27. Re1 Be6 28. Qxc4 Bxc4 29. Nd3 Bxd3 30. cxd3 f6 31. gxf6 Kf7 32. Rf1 Rc6 33. Kc2 Rxf6 34. Rxf6+ Kxf6 35. Kd2 h4 36. Ke3 h3 37. Kf3 g5 38. Kg3 g4 39. Kf2 h2 40. Kg2 g3 41. Kh1 Kg5 42. Kg2 Kf4 0-1

[Event "SLO-chT 31st"]
[Site "Ljubljana"]
[Date "2021.09.10"]
[Round "1.3"]
[White "Rozic, Adrijan"]
[Black "Debevec, Blaz"]
[Result "0-1"]
[WhiteElo "2055"]
[BlackElo "2118"]
[PlyCount "104"]
[EventDate "2021.09.10"]
[EventType "team-tourn"]
[EventRounds "9"]
[EventCountry "SLO"]
[SourceTitle "CBM 204 Extra"]
[Source "ChessBase"]
[SourceDate "2021.11.30"]
[SourceVersion "1"]
[SourceVersionDate "2021.11.30"]
[SourceQuality "1"]
[WhiteTeam "Ig"]
[BlackTeam "Komenda"]
[WhiteTeamCountry "SLO"]
[BlackTeamCountry "SLO"]

1. d4 Nf6 2. Nf3 d5 3. e3 Bf5 4. Bd3 Bxd3 5. Qxd3 c6 6. Nbd2 Nbd7 7. e4 dxe4 8. Nxe4 Nxe4 9. Qxe4 Nf6 10. Qe2 e6 11. 0-0 Bd6 12. Bg5 h6 13. Bxf6 Qxf6 14. Ne5 0-0-0 15. c3 Bxe5 16. dxe5 Qf5 17. Rad1 Rxd1 18. Rxd1 Rd8 19. Re1 Qf4 20. g3 Qg5 21. h4 Qf5 22. Kg2 Rd5 23. c4 Rd4 24. b3 Qd3 25. Qxd3 Rxd3 26. Re2 a5 27. Rc2 Kc7 28. Kf1 Rd4 29. f4 Rd3 30. Kf2 h5 31. Rb2 Rc3 32. Re2 a4 33. Re3 Rc2+ 34. Re2 axb3 35. axb3 Rxe2+ 36. Kxe2 c5 37. Kd3 Kb6 38. Kc3 Ka5 39. Kc2 Kb4 40. Kb2 b6 41. Kc2 Ka3 42. Kc3 Ka2 43. Kc2 g6 44. Kc3 Kb1 45. b4 Ka2 46. bxc5 bxc5 47. Kc2 Ka3 48. Kc3 Ka4 49. Kc2 Kb4 50. Kd3 Kb3 51. g4 hxg4 52. f5 exf5 0-1

[Event "Paracin Summer op 14th"]
[Site "Paracin"]
[Date "2021.07.10"]
[Round "2"]
[White "Debevec, Blaz"]
[Black "Safarli, Eltaj"]
[Result "0-1"]
[WhiteElo "2135"]
[BlackElo "2604"]
[PlyCount "60"]
[EventDate "2021.07.09"]
[EventType "swiss"]
[EventRounds "9"]
[EventCountry "SRB"]
[SourceTitle "EXT 2022"]
[Source "ChessBase"]
[SourceDate "2021.10.06"]
[SourceVersion "1"]
[SourceVersionDate "2021.10.06"]
[SourceQuality "1"]

1. e4 c5 2. Nf3 Nc6 3. d4 cxd4 4. Nxd4 Qb6 5. Nb3 Nf6 6. Nc3 e6 7. Be3 Qc7 8. Bd3 Bb4 9. Bd2 a6 10. f4 Bxc3 11. bxc3 d6 12. 0-0 e5 13. Qe1 h6 14. Qg3 Nh5 15. Qh4 Nxf4 16. Bxf4 exf4 17. Qxf4 Ne5 18. Qg3 0-0 19. Nd4 Qxc3 20. Ne2 Qc5+ 21. Kh1 Ng6 22. Nf4 Nxf4 23. Rxf4 Be6 24. a4 Rac8 25. Rff1 Rfd8 26. Rab1 Rd7 27. h3 Qd4 28. a5 Rc5 29. Rb6 Rxa5 30. Rfb1 Ra1 0-1

[Event "Paracin Summer op 14th"]
[Site "Paracin"]
[Date "2021.07.09"]
[Round "1"]
[White "Kosic, Dragan"]
[Black "Debevec, Blaz"]
[Result "1/2-1/2"]
[WhiteElo "2419"]
[BlackElo "2135"]
[PlyCount "51"]
[EventDate "2021.07.09"]
[EventType "swiss"]
[EventRounds "9"]
[EventCountry "SRB"]
[SourceTitle "EXT 2022"]
[Source "ChessBase"]
[SourceDate "2021.10.06"]
[SourceVersion "1"]
[SourceVersionDate "2021.10.06"]
[SourceQuality "1"]

1. d4 d6 2. Nf3 g6 3. c4 Bg7 4. Nc3 Bg4 5. h3 Bxf3 6. exf3 Nc6 7. Be3 e5 8. dxe5 dxe5 9. Qa4 Nge7 10. Rd1 Qc8 11. Bd3 0-0 12. 0-0 Nd4 13. Be4 Nef5 14. Bc1 c6 15. f4 Nd6 16. Bb1 b5 17. cxb5 N6xb5 18. Qc4 Qe6 19. Bd3 Qxc4 20. Bxc4 Nxc3 21. bxc3 Nb5 22. Rd7 Kh8 23. fxe5 Bxe5 24. Bxf7 Nxc3 25. Re1 Bg7 26. Ree7 1/2-1/2

[Event "Belgrade Serbia op"]
[Site "Belgrade"]
[Date "2021.07.06"]
[Round "7"]
[White "Dev, Shah"]
[Black "Debevec, Blaz"]
[Result "1/2-1/2"]
[WhiteElo "2270"]
[BlackElo "2135"]
[PlyCount "77"]
[EventDate "2021.07.02"]
[EventType "swiss"]
[EventRounds "9"]
[EventCountry "SRB"]
[SourceTitle "EXT 2022"]
[Source "ChessBase"]
[SourceDate "2021.10.06"]
[SourceVersion "1"]
[SourceVersionDate "2021.10.06"]
[SourceQuality "1"]

1. d4 d6 2. Nf3 g6 3. c4 Bg7 4. g3 Nf6 5. Nc3 0-0 6. Bg2 Nc6 7. 0-0 a6 8. Bf4 h6 9. d5 Na5 10. Qd3 c5 11. e4 b5 12. cxb5 axb5 13. e5 Ne8 14. Nxb5 Ba6 15. a4 Qb6 16. e6 f5 17. Nh4 g5 18. Nxf5 Rxf5 19. Qxf5 gxf4 20. Qf7+ Kh8 21. Qxe7 Qd8 22. Qf7 Qf6 23. Qh5 Nb3 24. Rad1 Nd4 25. Rfe1 Qg5 26. Qf7 Qf6 27. Nxd4 cxd4 28. b4 Bc4 29. Qb7 Qd8 30. Qf7 Qf6 31. b5 d3 32. b6 Qb2 33. Qxf4 Qc2 34. e7 Nf6 35. b7 Re8 36. Qxd6 d2 37. b8Q Be2 38. Rxd2 Qxd2 39. Qbb4 1/2-1/2